Day #63: Countries 6300 km away from Gambia - Statistics

General Stats
  • This quiz has been taken 14 times
    10 since last reset
  • The average score is 24 of 27
Answer Stats
Answer % Correct
Argentina
100%
Bolivia
100%
Brazil
100%
Canada
100%
Colombia
100%
Ethiopia
100%
Kenya
100%
Paraguay
100%
United States of America
100%
Bahamas
89%
Cuba
89%
Eritrea
89%
Finland
89%
Iraq
89%
Mozambique
89%
Norway
89%
Russia
89%
Saudi Arabia
89%
South Africa
89%
Sweden
89%
Tanzania
89%
Turkey
89%
Peru
78%
Syria
78%
Ukraine
78%
Botswana
67%
Malawi
67%
No matching quizzes found
Score Distribution
Percent of People with Each Score
Percentile by Number Answered
Your Score History
You have not taken this quiz since the last reset